000 00528nam a2200205 a 4500
001 BRCA_6509
005 20190320205502.0
008 270911s1912----gw-#######---#000-0#ger-#
041 _ager
044 _agw
100 1 _aMeyer, Conrad Ferdinand
_d1825-1898
_916261
245 1 0 _aJürg Jenatsch
_cConrad Ferdinand Meyer.
260 _aLeipzig
_bH. Haessel
_c1912
300 _a352 p.
_c17 cm.
500 _aL45
600 1 4 _aJenatsch, Georg
_d1596-1639
_916262
650 1 4 _aFicción
_916263
902 _aGFM
942 _2lcc
_cB
999 _c6193
_d6193